| 000 | 00370nam a2200145Ia 4500 | ||
|---|---|---|---|
| 008 | 221030s9999 xx 000 0 und d | ||
| 041 | _aEnglish | ||
| 082 |
_a105.23 _bThorn |
||
| 100 | _aC.Thornton | ||
| 245 | 0 |
_aArtificial Intelligence _cby C.Thornton |
|
| 260 |
_bNew Age International Pub. _aNew Delhi _c2005 |
||
| 300 | _a363 | ||
| 650 | _aBE Computer | ||
| 942 | _cBK | ||
| 999 |
_c4741 _d4741 |
||